The criminal justice system and women: Offenders, prisoners, victimes, and workers

Salvato in:
Dettagli Bibliografici
Natura: Libro
Lingua:Undetermined
Pubblicazione: Boston, MA McGraw-Hill 2004
Soggetti:
Tags: Aggiungi Tag
Nessun Tag, puoi essere il primo ad aggiungerne! !
Thư viện lưu trữ: Trung tâm Học liệu Trường Đại học Cần Thơ
LEADER 00707nam a2200205Ia 4500
001 CTU_57391
008 210402s9999 xx 000 0 und d
020 |b 853000 
082 |a 364.0820973 
082 |b C929 
245 4 |a The criminal justice system and women: Offenders, prisoners, victimes, and workers 
245 0 |c Edited by Barbara Raffel Price and Natalie J. Sokoloff 
260 |a Boston, MA 
260 |b McGraw-Hill 
260 |c 2004 
650 |a sex discrimination in criminal justice administration,female offenders,women 
650 |x criminal against 
650 |z united states,united states,united states 
904 |i Minh 
980 |a Trung tâm Học liệu Trường Đại học Cần Thơ